Anna and the King of Siam (Record no. 2001)

000 -LEADER
fixed length control field 00655nam a22002297a 4500
003 - CONTROL NUMBER IDENTIFIER
control field OSt
005 - DATE AND TIME OF LATEST TRANSACTION
control field 20210416105938.0
008 - FIXED-LENGTH DATA ELEMENTS--GENERAL INFORMATION
fixed length control field 210306s1967 ||||| |||| 00| 0 eng d
040 ## - CATALOGING SOURCE
Original cataloging agency eng
Language of cataloging eng
Transcribing agency DLC
041 ## - LANGUAGE CODE
Language code of text/sound track or separate title eng
080 ## - UNIVERSAL DECIMAL CLASSIFICATION NUMBER
Universal Decimal Classification number 821.111
Item number L-23
100 ## - MAIN ENTRY--PERSONAL NAME
9 (RLIN) 1263
Personal name Landon, Margaret
245 ## - TITLE STATEMENT
Title Anna and the King of Siam
Statement of responsibility, etc. / by: Pocket Books
260 ## - PUBLICATION, DISTRIBUTION, ETC.
Place of publication, distribution, etc. New York
Name of publisher, distributor, etc. Pocket Books
Date of publication, distribution, etc. 1967
300 ## - PHYSICAL DESCRIPTION
Extent 372 p.
365 ## - TRADE PRICE
Price amount 0.5 usd
650 #0 - SUBJECT ADDED ENTRY--TOPICAL TERM
9 (RLIN) 247
Topical term or geographic name entry element English literature
653 ## - INDEX TERM--UNCONTROLLED
Uncontrolled term ინგლისური ლიტერატურა
700 ## - ADDED ENTRY--PERSONAL NAME
9 (RLIN) 1264
Personal name Weil, Elsie
Relator term Editor
700 ## - ADDED ENTRY--PERSONAL NAME
9 (RLIN) 1265
Personal name Ayer, Margaret
Relator term Illustrator
942 ## - ADDED ENTRY ELEMENTS (KOHA)
Source of classification or shelving scheme
Koha item type Books
Holdings
Withdrawn status Lost status Source of classification or shelving scheme Damaged status Not for loan Permanent location Current location Date acquired Inventory number Total Checkouts Full call number Barcode Date last seen Price effective from Koha item type
          Ken Walker International University Ken Walker International University 03/06/2021 1766   821.111 L-23 1766 03/06/2021 03/06/2021 Books

Powered by Koha